Общее дело о профессорах и конкурсе на вакантные кафедры в университетах

Доступно только в Электронных читальных залах Найти на картеНа карте
RUSMARC
00005562nmc2a22000003x 450
00123954e2f-d488-40b2-9adc-1498fc468f3a
00520250903133229.0
100##$a20180118l19151917k l0rusy0189 ca
1010#$arus
102##$aRU
2001#$aОбщее дело о профессорах и конкурсе на вакантные кафедры в университетах
$j17 января 1915 г. - 15 февраля 1917 г.
251##$cДело
300##$aДело
801#0$aRU
$bРГИА
$c20180118
$gRCR
801#1$aRU
$bГлавНИВЦ
$c20180118
$2rusmarc
801#2$aRU
$bПБ им. Б.Н. Ельцина
$c20200122
$gRCR
$2rusmarc
850##$aРГИА
852##$aРГИА
$eФедеральное казенное учреждение "Российский государственный исторический архив" (РГИА)
$j263
937##$hРГИА
$d12226071
$aASBIBLIO_SCAN
462#0$100146c96731-af2d-49ce-8199-721d162b0637
$12001
$aДела по ученым учреждениям и высшим учебным заведениям Департамента народного просвещения за 1915-1917 годы
$1251
$cОпись
$1852
$j156
461#0$1001a74412a3-3cc5-4d21-8f0a-dfe2fbd9e72d
$12001
$aДепартамент народного просвещения Министерства народного просвещения (1803-1917)
$1251
$cФонд
$1852
$j733
215##$a111 л.
$d36,5х26 см
371##$aДокумент не является опубликованным и широко распространяемым
105##$ay###
1222#$ad
035##$a23954e2f-d488-40b2-9adc-1498fc468f3a
856##$uhttp://readingroom.main.prlib.ru/item.aspx?id_node=n137388959&mode=full
605##$2acquisition_Prlib
$3DITM\AF\0000002775
$aВласть
$lколлекция
605##$2acquisition_Prlib
$3DITM\AF\0000003834
$aНарод
$lколлекция
605##$2acquisition_Prlib
$3LIBNET\UAF\0000107109
$aИстория образования в России
$lколлекция
6061#$2prlib_sh
$3LIBNET\UAF\0000117914
$aВысшие учебные заведения
$xПрофессора и преподаватели
$xПрофессиональная деятельность
$yРоссия
$zнач. 20 в.
$jДокументы и материалы
6061#$aВысшее образование
$xПрактико-ориентированный подход
$yРоссия
$zнач. 20 в.
$jДокументы и материалы
$2prlib_sh
$3LIBNET\UAF\0000117967
686##$a74.484ю11
$vLBC/M
$2rubbk
686##$a74.483ю1
$2rubbk
$vLBC/M
Формат отображения